000 00542nam a2200193Ia 4500
999 _c33846
_d33846
003 OSt
005 20201118153628.0
008 190216s9999||||xx |||||||||||||| ||und||
020 _a8122405266
040 _coclc
082 _a530.12
_bTHA/Q
100 _aThankappan, V K
_94431
245 0 _aQuantum Mechanics /
_cV K Thankappan
250 _a2nd Ed.
260 _bNew Age International Publishers,
_c2004.
_aNew Delhi:
300 _a539p
650 _aMechanics
942 _cBK
_2ddc
_h530.12
_iTHA/Q
_k530.12
_mTHA/Q